000 00387pab a2200157 454500
008 180718b1997 xxu||||| |||| 00| 0 eng d
100 _aBharadwaj, Ram Dev
245 _aPeaceful reunification of Hong Kong
260 _c1997
300 _ap.37-44
362 _aJun
650 _aHong Kong - History
650 _aPolitics and government
773 _aThird Concept
909 _a34008
999 _c34008
_d34008